[Event "Denker Memorial 26th"]
[Site "Chess.com INT"]
[Date "2020.07.26"]
[Round "5"]
[White "Jain, Akshat"]
[Black "Hudson, Quinn"]
[Result "1-0"]
[WhiteElo "1967"]
[BlackElo "1782"]
[PlyCount "87"]
[EventDate "2020.07.25"]
[EventType "swiss"]
[EventRounds "6"]
[EventCountry "USA"]
[SourceTitle "EXT 2021"]
[Source "ChessBase"]
[SourceDate "2020.10.23"]
[SourceVersion "1"]
[SourceVersionDate "2020.10.23"]
[SourceQuality "1"]

1. d4 Nf6 2. c4 e6 3. Nf3 Bb4+ 4. Bd2 Qe7 5. g3 Nc6 6. Nc3 Bxc3 7. Bxc3 Ne4 8. Rc1 0-0 9. Bg2 b6 10. d5 exd5 11. cxd5 Nxc3 12. Rxc3 Na5 13. 0-0 c6 14. Nd4 c5 15. d6 Qxd6 16. Bxa8 cxd4 17. Rd3 Nc6 18. Bxc6 dxc6 19. Rxd4 Qf6 20. Qd2 c5 21. Rd6 Be6 22. Rd1 g6 23. a3 Qe5 24. Rd8 Rxd8 25. Qxd8+ Kg7 26. Qd2 Kf8 27. Qc3 Qxc3 28. bxc3 Ke7 29. Kf1 b5 30. Ke1 a5 31. Kd2 b4 32. cxb4 cxb4 33. axb4 axb4 34. Rb1 Kf6 35. Rxb4 Kg5 36. Ke3 h5 37. h4+ Kf6 38. Kf4 Ke7 39. Rb6 Kf6 40. e4 Ke7 41. Kg5 Bd7 42. f4 Be6 43. f5 gxf5 44. exf5 1-0

[Event "US Open-120"]
[Site "Orlando"]
[Date "2019.08.08"]
[Round "4"]
[White "Jain, Akshat"]
[Black "Jiang, Andrew2222"]
[Result "1/2-1/2"]
[WhiteElo "1905"]
[BlackElo "1395"]
[PlyCount "158"]
[EventDate "2019.08.03"]
[EventType "swiss"]
[EventRounds "9"]
[EventCountry "USA"]
[SourceTitle "CBM 191 Extra"]
[Source "ChessBase"]
[SourceDate "2019.09.30"]
[SourceVersion "1"]
[SourceVersionDate "2019.09.30"]
[SourceQuality "1"]

1. d4 Nf6 2. c4 e6 3. Nf3 c5 4. d5 exd5 5. cxd5 d6 6. Nc3 a6 7. a4 Be7 8. e4 0-0 9. h3 Re8 10. Bd3 Bf8 11. 0-0 Qc7 12. Nd2 Nbd7 13. f4 Nb6 14. a5 Nbd7 15. Re1 b6 16. axb6 Nxb6 17. Nc4 Bb7 18. b3 Nfd7 19. Bb2 Kh8 20. Qh5 Nf6 21. Qh4 Be7 22. Qg3 Nh5 23. Qf3 Nf6 24. Rad1 Bf8 25. Bc2 Rad8 26. Qd3 Kg8 27. Kh1 Nxc4 28. bxc4 g6 29. Ba4 Nd7 30. Ne2 Bh6 31. Qc3 f6 32. Qf3 Bg7 33. Ng3 Re7 34. Bc3 Qc8 35. Rb1 Rde8 36. h4 Rf8 37. h5 Rff7 38. Kh2 Nf8 39. hxg6 hxg6 40. Kg1 Nh7 41. Kf2 Qf8 42. Bc2 Bc8 43. Rb8 Rb7 44. Rxb7 Rxb7 45. Rh1 Qe8 46. Ra1 Ra7 47. Qe2 Re7 48. Qd2 Qf7 49. Kg1 Nf8 50. Bd3 f5 51. exf5 gxf5 52. Re1 Rxe1+ 53. Qxe1 Bh6 54. Qb1 Bxf4 55. Nxf5 Bxf5 56. Bxf5 Qh5 57. Bh3 Qg5 58. Qd3 Be3+ 59. Kf1 Qg3 60. Ke2 Qf2+ 61. Kd1 Kf7 62. Be1 Qf4 63. Ke2 Bd4 64. Bg3 Qf6 65. Kd1 a5 66. Kc2 a4 67. Qe4 Ba1 68. Qf5 Ke7 69. Qe4+ Kf7 70. Qf3 Ke7 71. Qe2+ Kd8 72. Kb1 Qg6+ 73. Kxa1 Qxg3 74. Qb2 Kc7 75. Ka2 Qd3 76. Qg7+ Kb6 77. Qb2+ Kc7 78. Qg7+ Kb6 79. Qxf8 Qc2+ 1/2-1/2

[Event "US Denker op 120th"]
[Site "Orlando"]
[Date "2019.08.05"]
[Round "4"]
[White "Li, Ben"]
[Black "Jain, Akshat"]
[Result "1-0"]
[WhiteElo "2396"]
[BlackElo "1905"]
[PlyCount "131"]
[EventDate "2019.08.03"]
[EventType "swiss"]
[EventRounds "6"]
[EventCountry "USA"]
[SourceTitle "EXT 2020"]
[Source "ChessBase"]
[SourceDate "2019.10.17"]
[SourceVersion "1"]
[SourceVersionDate "2019.10.17"]
[SourceQuality "1"]

1. d4 Nf6 2. c4 g6 3. Nc3 d5 4. cxd5 Nxd5 5. Na4 Bg7 6. e4 Nb6 7. Nf3 Bg4 8. Be3 0-0 9. Nc5 Nc6 10. Nxb7 Qb8 11. Ba6 e5 12. d5 Nb4 13. Nc5 N6xd5 14. exd5 e4 15. Nxe4 Nxa6 16. 0-0 Re8 17. Ng3 Bxf3 18. Qxf3 Qxb2 19. Rab1 Qe5 20. Rb7 Rab8 21. Rxa7 Nb4 22. Rd1 Rbd8 23. Bf4 Qc3 24. Bxc7 Qxf3 25. gxf3 Rxd5 26. Rxd5 Nxd5 27. Bd6 Be5 28. Bxe5 Rxe5 29. Kf1 Nc3 30. Ra3 Nb1 31. Ra8+ Kg7 32. Ne4 Rb5 33. Ra7 Rb2 34. Kg2 h6 35. a4 Ra2 36. a5 Nd2 37. Nd6 Nb3 38. a6 Kf6 39. Ne4+ Kg7 40. Rb7 Nd4 41. Nc5 Ra5 42. Rc7 Kf6 43. a7 Ne6 44. Ne4+ Kg7 45. Rd7 Nf4+ 46. Kg3 Nh5+ 47. Kh3 Nf4+ 48. Kg4 g5 49. h4 Ng6 50. Rc7 gxh4 51. Nd6 Ne5+ 52. Kxh4 Nxf3+ 53. Kg3 Ne5 54. Nb5 Ng6 55. Rc8 Rxb5 56. a8Q Rg5+ 57. Kf3 Rf5+ 58. Ke2 Kh7 59. Rc3 Kg7 60. Rf3 Re5+ 61. Kf1 Re7 62. Qa1+ Kg8 63. Qf6 Rd7 64. Rh3 Kh7 65. Qg5 Rd1+ 66. Ke2 1-0

[Event "Denver op"]
[Site "Denver"]
[Date "2019.04.27"]
[Round "3"]
[White "Shtivelband, Richard"]
[Black "Jain, Akshat"]
[Result "0-1"]
[WhiteElo "2093"]
[BlackElo "1851"]
[PlyCount "62"]
[EventDate "2019.04.26"]
[EventType "swiss"]
[EventRounds "5"]
[EventCountry "USA"]
[SourceTitle "CBM 190 Extra"]
[Source "ChessBase"]
[SourceDate "2019.07.15"]
[SourceVersion "1"]
[SourceVersionDate "2019.07.15"]
[SourceQuality "1"]

1. b3 d5 2. Bb2 c5 3. e3 Nf6 4. f4 g6 5. Nf3 Bg7 6. Be2 0-0 7. 0-0 Nc6 8. Qe1 b6 9. Qh4 Bb7 10. d3 Nd7 11. Bxg7 Kxg7 12. d4 e6 13. Qh3 cxd4 14. exd4 Nb4 15. Nbd2 Nxc2 16. Rac1 Nb4 17. a3 Nc6 18. Bd3 Qf6 19. Ne5 Ndxe5 20. fxe5 Qg5 21. Rf2 Rac8 22. Rcf1 Nxd4 23. Rf4 Nf5 24. Bxf5 exf5 25. Rh4 h5 26. Rff4 Rc1+ 27. Kf2 Rc2 28. Qd3 Rfc8 29. Qd4 Qe7 30. Kg3 R8c3+ 31. Nf3 Qg5+ 0-1